| 000 | 00621 a2200193 4500 | ||
|---|---|---|---|
| 999 |
_c332288 _d332288 |
||
| 003 | NUST | ||
| 005 | 20171122145945.0 | ||
| 008 | 160615b xxu||||| |||| 00| 0 eng d | ||
| 020 | _a9780975586044 | ||
| 040 | _c0 | ||
| 082 | _a920.71 DIL | ||
| 100 |
_a Dil, Anwar _96677 |
||
| 245 |
_aIntercultural Learning My studeents at U.S Internatinoal University _cAnwar Dil |
||
| 250 | _aVOL.ii | ||
| 260 |
_aIslamabad _c2007 _bIFTRU |
||
| 300 |
_a552p. _bHB |
||
| 500 | _aH.B | ||
| 942 |
_cBK _kIESE _2ddc |
||